000 00791nam a22002537a 4500
003 CHAP
005 20220329140053.0
008 971013s1992 r 10010 d
010 _a46517
011 _a47489
035 _a51631
040 _cCHAP
082 _a636.2063
_bC6 1992
111 0 0 _aCongreso Internacional sobre Ganado Lechero (
_n3
_d: 1992
_c: Aguascalientes, Ags.)
_926812
245 _aMemoria
260 _aPabellón, Ags. :
_bINIFAP. Campo Agrícola Experimental Pabellón,
_c1992
300 _a98 p.
590 _aBATCH-UPD
_b10
_c20130110
_lUCH01
_h2129
590 _aCONVERSION
_b10
_c20130109
_lUCH01
_h1325
650 1 4 _aGanado lechero
_xCongresos.
_945248
901 _aBK
942 _cLIBRO
949 _a636.2063 C6 1992
_bBC
_cCONG
_d-115390
_eCONG
_h89585
_i51631
_mD
_si
999 _c46517
_d46517